Portland City Trivia - Statistics

General Stats
  • This quiz has been taken 59 times
  • The average score is 14 of 18
Answer Stats
Hint Answer % Correct
Portland, Oregon was named for the Portland in this other U.S. state Maine
95%
Famous footwear company with its main headquarters in the Portland area Nike
95%
NBA team based in Portland Portland Trail Blazers
89%
Bordering city located in Washington Vancouver
89%
Most common nickname for Portland City of {Rose}s
87%
Historic trail that officially ended just south of modern-day Portland Oregon Trail
87%
On clear days, this volcano can be seen from Portland when looking east Mount Hood
84%
Two major rivers of Portland Columbia
82%
Two major rivers of Portland Willamette
82%
Suburb city starting with "B" that surrounds the above company's headquarters Beaverton
76%
Most of Portland is located in this county * hint: starts with M, was the name of a native Chinookan community Multnomah
68%
Sketch comedy series set in Portland, starring Fred Armisen and Carrie Brownstein Portlandia
66%
Portland-born cartoonist who created Futurama and The Simpsons Matt Groening
63%
Common type of diet that Portland has a reputation for Vegan
63%
Portland's name was chosen via a coin tossing in which two choices were considered. What was the other choice? Boston
61%
World's largest independent bookstore, founded in Portland in 1971 {Powell}'s City of Books
61%
Second largest newspaper in the Pacific Northwest The {Oregonian}
58%
Blackberry species created in 1956 around the Portland area, popular in pies {Marion}berry
50%
No matching quizzes found
Score Distribution
Percent of People with Each Score
Percentile by Number Answered
Your Score History
You have not taken this quiz